Borgesův svět /

Hlavní autor: Cílek, Václav, 1955-
Další autoři: Wernischová, Helena, 1942-
Jazyk: Čeština
Vydáno: Praha : Dokořán, 2007
Vydání: 1. vyd.
Témata:
Externí odkaz: Digitalizovaný dokument
Fyzický popis: 225 s. : il. ; 19 cm
Knihy
Uloženo v:
LEADER 01599nam a2200457 a 4500
001 nkc20071715930
003 CZ PrNK
005 20070802145828.0
007 ta
008 070412s2007 xr a e 000 e cze
015 |a cnb001715930 
020 |a 978-80-7363-109-3  |q (váz.) :  |c Kč 275,00 
035 |a (OCoLC)181621552 
040 |a OLA001  |b cze  |d ABA001 
072 7 |a 82  |x Literatura. Literární život  |2 Konspekt  |9 11 
080 |a 82  |2 MRF 
080 |a 101  |2 MRF 
080 |a [82:081]-021.61  |2 MRF 
080 |a 028.1  |2 MRF 
080 |a (0:82-4)  |2 MRF 
100 1 |a Cílek, Václav,  |d 1955-  |7 jo20000080776  |4 aut 
245 1 0 |a Borgesův svět /  |c Václav Cílek ; ilustrace Helena Wernischová 
250 |a 1. vyd. 
260 |a Praha :  |b Dokořán,  |c 2007 
300 |a 225 s. :  |b il. ;  |c 19 cm 
504 |a Obsahuje bibliografii 
650 0 7 |a literatura  |7 ph117222  |x filozofické pojetí  |2 czenas 
650 0 7 |a literární kánon  |7 ph388304  |2 czenas 
650 0 7 |a čtenářství  |7 ph222812  |2 czenas 
650 0 9 |a literature  |x philosophical approach  |2 eczenas 
650 0 9 |a literary canon  |2 eczenas 
650 0 9 |a reading  |2 eczenas 
655 7 |a eseje  |7 fd132213  |2 czenas 
655 9 |a essays  |2 eczenas 
700 1 |a Wernischová, Helena,  |d 1942-  |7 jk01151616  |4 ill 
856 4 1 |u http://www.digitalniknihovna.cz/mzk/uuid/uuid:84a09a20-ed3a-11e2-9923-005056827e52  |y Digitalizovaný dokument  |x NDK 
910 2 |a BOA001  |b 1-1186.782 
990 |a BK 
995 |a 01 
991 |b 200705  |c NOV 
996 6 |b 2610311815  |c 1-1186.782  |l MZK  |r Sklad / do 1 hodiny  |n 5  |p p.v.  |w 000851466  |u 000010  |a 1  |e BOA001  |j MZK50  |s P